000 00722nam a22002297a 4500
003 OSt
005 20240716114527.0
008 240715b |||||||| |||| 00| 0 eng d
040 _aNUST
_beng
_cNUST
_dNUST
_erda
050 _aNA7195.A7 ARC
100 _aTrevor Dannatt
_eEditor
245 _aArchitecture yearbook 8/
260 _aLondon :
_bElek Books Limited,
_c1957
300 _a255 pages :
_bIllustrations ;
_c26 cm.
336 _2rdacontent
_atext
_btxt
337 _2rdamedia
_aunmediated
_bn
338 _2rdacarrier
_avolume
_bnc
504 _aIncludes bibliographical references.
650 _vArchitecture-Planning and Design.
700 _aArup, Ove N
942 _2lcc
_cBOOKS
_hNA7195.A7
_kNA
_mARC
_n0
999 _c170838
_d170838